000 00426nam a2200169Ia 4500
008 210210b1996 xxu||||| |||| 00| 0 eng d
020 _a81 219 1414 0
082 _a530 VIVP
100 _aVIVEKANANDAN (P)
245 _aPre-university physics. I PUC V1
260 _aND
_bS. Chand & Co. Ltd.
_c1996
300 _aviii,536
650 _aPhysics I PUC
690 _aPhysics
700 _aSRIKANTA (B S).
906 _a052338
999 _c100716
_d100716